Quality management : (Record no. 5668)
[ view plain ]
| 000 -LEADER | |
|---|---|
| fixed length control field | 01625nac a22003251u 4500 |
| 010 ## - LIBRARY OF CONGRESS CONTROL NUMBER | |
| LC control number | 94015814 |
| 020 ## - INTERNATIONAL STANDARD BOOK NUMBER | |
| International Standard Book Number | 0256106657 |
| 082 00 - DEWEY DECIMAL CLASSIFICATION NUMBER | |
| Classification number | 658.5620151 |
| Item number | GIT |
| 090 ## - LOCALLY ASSIGNED LC-TYPE CALL NUMBER (OCLC); LOCAL CALL NUMBER (OCLC) | |
| -- | 5668 |
| -- | 5668 |
| 100 ## - MAIN ENTRY--PERSONAL NAME | |
| Personal name | Gitlow, Howard S. |
| 245 10 - TITLE STATEMENT | |
| Title | Quality management : |
| Remainder of title | tools and methods for improvement / |
| Statement of responsibility, etc | Howard Gitlow, Alan Oppenheim, Rosa Oppenheim. |
| 250 ## - EDITION STATEMENT | |
| Edition statement | 2nd ed. |
| 260 ## - PUBLICATION, DISTRIBUTION, ETC. (IMPRINT) | |
| Place of publication, distribution, etc | Burr Ridge, Ill. : |
| Name of publisher, distributor, etc | Irwin,c1995. |
| Date of publication, distribution, etc | c1995. |
| 300 ## - PHYSICAL DESCRIPTION | |
| Extent | xix, 508 p. : |
| Other physical details | ill. ; |
| Dimensions | 25 cm. |
| 440 #0 - | |
| -- | Irwin series in statistics |
| 500 ## - GENERAL NOTE | |
| General note | Rev. ed. of: Tools and methods for the improvement of quality / Howard Gitlow ... [et al.]. 1989. |
| 500 ## - GENERAL NOTE | |
| General note | Distributer : Al-Ahram. |
| 504 ## - BIBLIOGRAPHY, ETC. NOTE | |
| Bibliography, etc | Includes bibliographical references (p. 501-503) and index. |
| 511 ## - PARTICIPANT OR PERFORMER NOTE | |
| Participant or performer note | Catalogued By : Mahitab. |
| 650 #0 - SUBJECT ADDED ENTRY--TOPICAL TERM | |
| Topical term or geographic name as entry element | Quality control |
| General subdivision | Statistical methods. |
| 700 1# - ADDED ENTRY--PERSONAL NAME | |
| Personal name | Oppenheim, Alan V., |
| Dates associated with a name | 1937- |
| 700 1# - ADDED ENTRY--PERSONAL NAME | |
| Personal name | Oppenheim, Rosa. |
| 740 0# - ADDED ENTRY--UNCONTROLLED RELATED/ANALYTICAL TITLE | |
| Uncontrolled related/analytical title | Tools and methods for the improvement of quality. |
| 856 42 - ELECTRONIC LOCATION AND ACCESS | |
| Materials specified | Publisher description |
| Uniform Resource Identifier | <a href="http://www.loc.gov/catdir/description/mh022/94015814.html">http://www.loc.gov/catdir/description/mh022/94015814.html</a> |
| 856 42 - ELECTRONIC LOCATION AND ACCESS | |
| Materials specified | Table of contents |
| Uniform Resource Identifier | <a href="http://www.loc.gov/catdir/toc/mh022/94015814.html">http://www.loc.gov/catdir/toc/mh022/94015814.html</a> |
| 942 ## - ADDED ENTRY ELEMENTS (KOHA) | |
| Item type | Book - Borrowing |
| Call number prefix | 658.5620151GIT |
| Withdrawn status | Item status | Damaged status | Not for loan | Home library | Current library | Shelving location | Date acquired | Source of acquisition | Total Checkouts | Total Renewals | Full call number | Barcode | Date last seen | Date last borrowed | Koha item type |
|---|---|---|---|---|---|---|---|---|---|---|---|---|---|---|---|
| Central Library | Central Library | First floor | 01/11/2007 | Purchase | 4 | 9 | 658.5620151GIT | 000007022 | 15/07/2025 | 05/10/2011 | Book - Borrowing | ||||
| Central Library | Central Library | First floor | 01/11/2007 | Purchase | 3 | 11 | 658.5620151GIT | 000010223 | 15/07/2025 | 14/11/2019 | Book - Borrowing | ||||
| Central Library | Central Library | First floor | 01/11/2007 | Purchase | 3 | 12 | 658.5620151GIT | 000011197 | 15/07/2025 | 15/08/2018 | Book - Borrowing |